Riconosci lo Stato - Quiz n°181 - Statistics

Statistiche generali
  • Questo quiz è stato fatto 23 volte
  • Il punteggio medio è 9 su 12
Statistiche sulle risposte
Indizio Risposta % Corretto
Valuta Dollaro
90%
Superficie 181,42 km²
86%
Presidente della Repubblica Hilda Heine
86%
Fuso Orario UTC+12
86%
Popolazione 53.158 ab.
81%
Indipendenza dagli Stati Uniti nel 1986
81%
Iniziale della Capitale M
81%
Forma di Governo Repubblica parlamentare mista
71%
ISU 0.731
67%
PIL (nominale) 182 milioni di $
62%
Tasso di crescita 1,874%
62%
Risposta Isole Marshall
52%
Nessun quiz corrispondente trovato
Distribuzione punteggi
Percentuale di utenti per punteggio
Percentile per numero di risposta
I tuoi punteggi nel tempo
Non hai fatto questo quiz